| 000 | 01174cam a2200301 a 4500 | ||
|---|---|---|---|
| 999 |
_c51433 _d51433 |
||
| 001 | 16834636 | ||
| 005 | 20221107153358.0 | ||
| 008 | 110615s2010 paua 001 0 eng | ||
| 010 | _a 2011025451 | ||
| 020 | _a9781451113426 X | ||
| 020 | _a1451113420 X | ||
| 041 | _aeng | ||
| 080 | _a611.013 S-12 | ||
| 082 | 0 | 0 |
_a612.6/4 _223 |
| 100 | 1 |
_aSadler, T. W. _q(Thomas W.) _97436 |
|
| 245 | 1 | 0 | _aLangman's medical embryology. |
| 250 |
_a12th ed. / _bT.W. Sadler ; original illustrations by Jill Leland ; computer illustrations by Susan L. Sadler-Redmond ; scanning electron micrographs by Kathy Tosney ; ultrasound images by Nancy Chescheir and Hytham Imseis. |
||
| 264 |
_aPhiladelphia : _bWolters Kluwer Health/Lippincott Williams & Wilkins, _cc2010. |
||
| 300 |
_axiii, 384 p. : _bill. (some col.) ; _c26 cm. |
||
| 650 | 0 |
_aEmbryology, Human _vTextbooks. _97437 |
|
| 650 | 0 |
_aAbnormalities, Human _vTextbooks. _97438 |
|
| 650 | 1 | 2 |
_aEmbryology. _97177 |
| 650 | 2 | 2 |
_aCongenital Abnormalities. _97439 |
| 653 | _aმედიცინა | ||
| 653 | _aემბრიოლოგია | ||
| 700 | 1 |
_aLangman, Jan. _tMedical embryology. _97440 |
|
| 942 |
_2udc _cBK |
||